Design technology level 5
| Main Author: | |
|---|---|
| Format: | Book |
| Published: |
London ; New York
Longman
c1982
|
| Series: | Longman technician series. Construction and civil engineering
|
| Subjects: |
MARC
| LEADER | 00000cam a2200000 7i4500 | ||
|---|---|---|---|
| 001 | 0000000260 | ||
| 008 | 021118n | ||
| 020 | |a 0582412625 | ||
| 090 | 0 | 0 | |a TH145 |b .Z8 |
| 100 | 0 | |a Zunde, J. M. |e author | |
| 245 | 0 | 0 | |a Design technology level 5 |c J. M. Zunde |
| 260 | 2 | |a London ; |a New York |b Longman |c c1982 | |
| 300 | |a 203 p. ; |c 22 cm. | ||
| 440 | 0 | 0 | |a Longman technician series. Construction and civil engineering |
| 650 | 0 | |a Architecture | |
| 650 | 0 | |a Building | |
| 999 | |a 1000035565 |b Book |c OPEN SHELF (30 DAYS) |e Gong Badak Campus | ||